| 000 | 00456nam a2200169 a 4500 | ||
|---|---|---|---|
| 005 | 20250110063750.0 | ||
| 008 | 991125s1976 mx 000 0 spa u | ||
| 035 | _aUPN01000016696 | ||
| 049 | _aCG | ||
| 050 | 4 |
_aPQ8097 D43 _bD6.3 |
|
| 100 | 1 |
_aDélano, Poli, _d1936- _932397 |
|
| 245 | 1 | 0 |
_aDos lagartos en una botella / _cPoli Délano. |
| 260 |
_aMéxico : _bJ. Mortiz, _c1976. |
||
| 300 | _a117 p. | ||
| 650 | 4 |
_aCuentos chilenos _910503 |
|
| 905 | _aLibro | ||
| 999 |
_c16696 _d16696 |
||